000 00725nam a2200205 u 4500
005 20240924071242.0
008 090205s2003 r 000 0 eng d
020 _a9684181760
035 _aUPN01000168865
049 _aI
050 4 _aPZ75
_bT3.6
245 0 0 _aTania y sus amigos :
_bun libro para saber cómo funcionan las cosas /
_ctr. Alan Acevedo.
260 _aMéxico :
_bEdiciones Culturales Internacionales :
_bTime Life Learning,
_c2003.
300 _a[18] p. :
_bprincipalmente il. col.
440 0 _aPrograma de aprendizaje infantil
534 _pTitulo original:
_tTanya tinker and the Gizmo Gang
650 4 _aLibros y lectura para niños
_92290
650 4 _aLiteratura infantil
_94445
905 _aInfantil
999 _c140971
_d140971